Statistics for A Quiz About Archery

Click here to take the quiz!

General Stats

  • This quiz has been taken 5,840 times
  • The average score is 14 of 18

Answer Stats

HintAnswer% Correct
Roman god who shoots people with an arrow to make them fall in loveCupid
97%
What William Tell had to shoot that was placed upon his son's headApple
95%
The part of Achilles' body which was struckHeel
94%
Archery expert whose enemy was the Sheriff of NottinghamRobin Hood
93%
Name for the center of an archery targetBullseye
92%
Archery was the first sport in which ____ could compete in the Modern Olympics
Women
92%
Q word that refers to a container for arrowsQuiver
88%
Horde of horse archers that conquered most of Asia in the 13th centuryMongols
79%
Pixar movie about a girl with lots of curly red hair and a bowBrave
76%
Material that arrow "fletching" was traditionally made fromFeathers
68%
Member of Marvel's Avengers who often uses a bow and arrowHawkeye
66%
Elven member of the Fellowship of the Rings who was skilled with a bowLegolas
65%
Sign of the zodiac represented by a centaur holding a bowSagittarius
65%
Trojan prince who killed Achilles with an arrowParis
64%
Name for the projectile shot by a crossbowBolt / Quarrel
62%
The Greek god of archery, music, dance, poetry, healing, prophecy, and the Sun. Busy guy.
Apollo
61%
1415 battle in which English longbowmen helped to defeat the French
Agincourt
51%
Type of bow, invented in 1966, that uses pulleys to make it easier to pull{Compound} bow
42%

Score Distribution

Percentile by Number Answered

Percent of People with Each Score

Your Score History

You have not taken this quiz